Satunnaisia Afrikan pääkaupunkeja kartalla - Statistics

Yleistilastot
  • Tätä visaa on pelattu 606 kertaa
  • Keskiarvotulos 8 / 12
Vastaukset kartalla
Vastauksille on annettu kartalla punavihreä väri sen mukaan, kuinka moni on saanut sen oikein.
 
Vastaustilastot
Pääkaupunki % Oikein
Kairo
100%
Mogadishu
97%
Kapkaupunki
95%
Nairobi
95%
Tunis
95%
Rabat
94%
Alger
88%
Djibouti
88%
Antananarivo
86%
São Tomé
85%
Brazzaville
84%
Tripoli
80%
Abuja
78%
Luanda
77%
Pretoria
75%
Ouagadougou
74%
Juba
73%
Kigali
73%
Khartum
71%
Addis Abeba
69%
Harare
67%
Praia
67%
Bissau
65%
Dakar
65%
Freetown
65%
Niamey
65%
Kinshasa
64%
Kampala
63%
Porto-Novo | Cotonou
63%
Asmara
60%
Accra
59%
Maseru
59%
Bamako
57%
Monrovia
55%
Lusaka
53%
Lomé
52%
Windhoek
52%
Bloemfontein
50%
Nouakchott
50%
Port Louis
50%
Banjul
48%
Gitega
46%
Mbabane
44%
N'Djamena
43%
Yaoundé
43%
Dodoma
42%
Moroni
42%
Lilongwe
41%
Victoria
41%
Maputo
39%
Yamoussoukro
38%
Ciudad de la Paz
35%
Conakry
35%
Gaborone
35%
Bangui
32%
Libreville
27%
Ehtoja vastaavia visoja ei löytynyt
Tulosjakauma
Jokaisen tuloksen saaneiden osuus
Persentiili vastausten määrän mukaan
Tuloshistoriasi
Et ole pelannut tätä visaa